[Event "1. Bundesliga 2019/2020"]
[Site "Blumenhalle, St. Veit/Glan"]
[Date "2020.01.11"]
[Round "7"]
[Board "2"]
[White "Banusz, Tamas"]
[Black "Jovanovic, Dusan"]
[Result "1-0"]
[WhiteElo "2623"]
[BlackElo "2412"]
[PlyCount "103"]
[EventDate "2019.10.10"]
[EventType "team"]
[EventRounds "11"]
[EventCountry "AUT"]
[WhiteTeam "mpimmo Wien - SK Ottakring"]
[BlackTeam "SK Sparkasse Bad Voeslau"]

1.Nf3 Nf6 2.g3 b6 3.Bg2 Bb7 4.O-O e6 5.c4 c5 6.Nc3 Be7 7.d4 cxd4 8.Qxd4 d6 9.Rd1 a6
10.b3 Nbd7 11.e4 Qc8 12.Bb2 O-O 13.Rac1 Rd8 14.h3 Qc7 15.Nh2 Bf8 16.Ng4 Nxg4 17.hxg4
Rac8 18.Qe3 Qb8 19.g5 Bc6 20.Ne2 b5 21.cxb5 axb5 22.Nd4 Ba8 23.a3 Qb7 24.Kh2 b4 25.a4
Qb6 26.Re1 e5 27.Nb5 Qxe3 28.Rxe3 Nc5 29.Bh3 Rb8 30.Nc7 Bb7 31.Rc4 Be7 32.f4 exf4
33.gxf4 Na6 34.Bd4 Nc5 35.Rxb4 Bc6 36.Nd5 Bf8 37.Rxb8 Rxb8 38.Bxc5 dxc5 39.Bf1 Bxd5
40.exd5 Bd6 41.Kg3 h6 42.gxh6 gxh6 43.a5 Kg7 44.Bc4 Kf6 45.Kf3 Kf5 46.Re2 h5 47.Rh2
Bxf4 48.Bd3+ Ke5 49.Rxh5+ Kd4 50.Kxf4 Kxd3 51.d6 Kd4 52.a6 1-0

[Event "1. Bundesliga 2019/2020"]
[Site "Blumenhalle, St. Veit/Glan"]
[Date "2020.01.11"]
[Round "7"]
[Board "4"]
[White "Froewis, Georg"]
[Black "Juhasz, Armin"]
[Result "1-0"]
[WhiteElo "2459"]
[BlackElo "2373"]
[PlyCount "93"]
[EventDate "2019.10.10"]
[EventType "team"]
[EventRounds "11"]
[EventCountry "AUT"]
[WhiteTeam "mpimmo Wien - SK Ottakring"]
[BlackTeam "SK Sparkasse Bad Voeslau"]

1.c4 Nf6 2.g3 c6 3.Nf3 d5 4.Bg2 g6 5.b3 Bg7 6.Bb2 O-O 7.O-O a5 8.Qc2 Na6 9.a3 Bg4
10.d3 Qc8 11.Nc3 Bh3 12.Na4 Bxg2 13.Kxg2 Qd8 14.Bc3 b5 15.Nb2 Qb6 16.Qd2 b4 17.axb4
axb4 18.Bd4 Qb7 19.c5 Nd7 20.Bxg7 Kxg7 21.d4 e5 22.Na4 f6 23.dxe5 fxe5 24.Nb6 Nxb6
25.cxb6 Rfe8 26.Ra5 Qxb6 27.Rfa1 Kg8 28.Qh6 Qb7 29.Qg5 e4 30.Ne5 Nc5 31.Ng4 Rxa5 32.Nf6+
Kh8 33.Rxa5 Ne6 34.Qe5 Qg7 35.Ra7 Qxa7 36.Nxe8+ Ng7 37.Qf6 Kg8 38.Qxc6 Nxe8 39.Qxe8+
Kg7 40.Qe5+ Kh6 41.Qxd5 Qe7 42.Qg8 Qf6 43.h4 e3 44.f3 Qb2 45.Qf8+ Kh5 46.g4+ Kxh4
47.Qh6# 1-0

[Event "1. Bundesliga 2019/2020"]
[Site "Blumenhalle, St. Veit/Glan"]
[Date "2020.01.11"]
[Round "7"]
[Board "5"]
[White "Plachetka, Jan"]
[Black "Schneider-Zinner, Harald"]
[Result "1/2-1/2"]
[WhiteElo "2313"]
[BlackElo "2381"]
[PlyCount "152"]
[EventDate "2019.10.10"]
[EventType "team"]
[EventRounds "11"]
[EventCountry "AUT"]
[WhiteTeam "SK Sparkasse Bad Voeslau"]
[BlackTeam "mpimmo Wien - SK Ottakring"]

1.d4 d5 2.c4 e6 3.Nc3 a6 4.cxd5 exd5 5.Bf4 Bd6 6.Nxd5 Be6 7.Bxd6 Qxd6 8.Nc3 Nf6 9.e3
c5 10.Nf3 Nc6 11.d5 Bxd5 12.e4 Qe7 13.Nxd5 Nxd5 14.Qxd5 Nb4 15.Qc4 b5 16.Qe2 O-O-O
17.a3 Nd3+ 18.Qxd3 Rxd3 19.Bxd3 c4 20.Bc2 Rd8 21.O-O g5 22.e5 Kc7 23.h3 h5 24.Bf5
Rd5 25.Rfe1 Kb6 26.Rad1 Rxd1 27.Rxd1 Ka5 28.Rd6 b4 29.Nd4 Qc7 30.Nc6+ Ka4 31.Nxb4
Kb3 32.Nd5 Qa5 33.Rb6+ Ka2 34.Nc3+ Ka1 35.Rb4 Qxe5 36.g4 hxg4 37.hxg4 f6 38.Kg2 Qd4
39.Be4 Qd7 40.Bf3 f5 41.gxf5 Qxf5 42.Be2 a5 43.Rxc4 Kxb2 44.a4 Kb3 45.Nb5 Qd5+ 46.Kg1
Qe5 47.Rg4 Kb2 48.Nd4 Ka3 49.Bb5 Qd5 50.Rg3+ Kb2 51.Nf3 Kc1 52.Nxg5 Qf5 53.Kg2 Kd1
54.Nf3 Qf4 55.Rg5 Qf7 56.Bd3 Qf4 57.Bb5 Qf7 58.Rg4 Qf6 59.Nd4 Ke1 60.Nf3+ Kd1 61.Nd4
Ke1 62.Re4+ Kd1 63.f4 Qg6+ 64.Kf3 Qh5+ 65.Ke3 Ke1 66.Nf3+ Kd1 67.Re5 Qh6 68.Be2+ Kc1
69.Rb5 Qe6+ 70.Ne5 Qh3+ 71.Bf3 Qf1 72.Be4 Qg1+ 73.Kd3 Qd1+ 74.Kc3 Qc2+ 75.Kd4 Qxa4+
76.Kc5 Qxe4 1/2-1/2

[Event "1. Bundesliga 2019/2020"]
[Site "Blumenhalle, St. Veit/Glan"]
[Date "2020.01.11"]
[Round "7"]
[Board "6"]
[White "Steindl, Johannes"]
[Black "Grimm, Daniel"]
[Result "0-1"]
[WhiteElo "2316"]
[BlackElo "2284"]
[PlyCount "58"]
[EventDate "2019.10.10"]
[EventType "team"]
[EventRounds "11"]
[EventCountry "AUT"]
[WhiteTeam "mpimmo Wien - SK Ottakring"]
[BlackTeam "SK Sparkasse Bad Voeslau"]

1.e4 d5 2.exd5 Qxd5 3.Nc3 Qa5 4.d4 Nf6 5.Nf3 Bf5 6.Ne5 c6 7.Bc4 e6 8.g4 Be4 9.O-O
Bd5 10.Bd3 Nbd7 11.f4 Qb6 12.Nxd5 Nxd5 13.c3 Be7 14.Qe2 h5 15.g5 g6 16.Nxf7 Kxf7 17.Bxg6+
Kxg6 18.Qxe6+ Kg7 19.f5 N7f6 20.gxf6+ Bxf6 21.Kh1 Rhg8 22.Bd2 Kh8 23.Rg1 Qb5 24.Qf7
Qe2 25.h3 Qf3+ 26.Kh2 Bh4 27.Rg4 Bg3+ 28.Kg1 Qf2+ 29.Kh1 Qh2# 0-1

[Event "1. Bundesliga 2019/2020"]
[Site "Blumenhalle, St. Veit/Glan"]
[Date "2020.01.11"]
[Round "7"]
[Board "1"]
[White "Menezes, Christoph"]
[Black "Repka, Christopher"]
[Result "1/2-1/2"]
[WhiteElo "2398"]
[BlackElo "2488"]
[PlyCount "79"]
[EventDate "2019.10.10"]
[EventType "team"]
[EventRounds "11"]
[EventCountry "AUT"]
[WhiteTeam "Union Ansfelden"]
[BlackTeam "SK Bregenz 1920"]

1.Nf3 Nf6 2.c4 e6 3.Nc3 d5 4.d4 c5 5.cxd5 Nxd5 6.e4 Nxc3 7.bxc3 cxd4 8.cxd4 Bb4+ 9.Bd2
Bxd2+ 10.Qxd2 O-O 11.Bc4 b6 12.d5 Ba6 13.Bxa6 Nxa6 14.d6 Nc5 15.e5 f6 16.O-O Qd7 17.Rad1
Rad8 18.Rfe1 Qa4 19.Qe2 Qf4 20.g3 Qa4 21.Rd4 Qa3 22.Red1 Rf7 23.exf6 gxf6 24.Rg4+
Rg7 25.Rxg7+ Kxg7 26.Nd4 Qa4 27.Qg4+ Kf7 28.Re1 Rxd6 29.Qh5+ Kf8 30.Nf5 exf5 31.Qh6+
Kg8 32.Re7 Rd1+ 33.Kg2 Qe4+ 34.Rxe4 Nxe4 35.Qh5 Rd2 36.Qe8+ Kg7 37.Qe7+ Kg6 38.Qe8+
Kg7 39.Qe7+ Kg6 40.Qe8+ 1/2-1/2

[Event "1. Bundesliga 2019/2020"]
[Site "Blumenhalle, St. Veit/Glan"]
[Date "2020.01.11"]
[Round "7"]
[Board "2"]
[White "Kunin, Vitaly"]
[Black "Felsberger, Alfred"]
[Result "1-0"]
[WhiteElo "2560"]
[BlackElo "2339"]
[PlyCount "157"]
[EventDate "2019.10.10"]
[EventType "team"]
[EventRounds "11"]
[EventCountry "AUT"]
[WhiteTeam "SK Bregenz 1920"]
[BlackTeam "Union Ansfelden"]

1.d4 Nf6 2.c4 e6 3.Nc3 Bb4 4.Nf3 b6 5.Qb3 a5 6.Bg5 Bb7 7.a3 Bxc3+ 8.Qxc3 h6 9.Bh4
d6 10.e3 Nbd7 11.Bd3 g5 12.Bg3 Ne4 13.Qc2 Nxg3 14.hxg3 g4 15.Nh4 Qg5 16.O-O-O O-O-O
17.Be4 Nf6 18.Bxb7+ Kxb7 19.Kb1 c5 20.Rd3 Rc8 21.d5 exd5 22.cxd5 Rhe8 23.f3 Nh5 24.Qf2
gxf3 25.Qxf3 Nxg3 26.Rh3 Re4 27.Rxg3 Qxh4 28.Rh3 Qg4 29.Rxh6 c4 30.Rc3 Rd8 31.Qxf7+
Rd7 32.Qf8 Qd1+ 33.Ka2 Qxd5 34.Rh8 Ka6 35.Qf3 b5 36.Re8 Re5 37.e4 Qc6 38.Rxe5 dxe5
39.Qf8 Rd6 40.Qb8 Qc5 41.Qa8+ Kb6 42.Qb8+ Ka6 43.Qg8 Qc6 44.a4 b4 45.Qxc4+ Qxc4+ 46.Rxc4
Kb6 47.Rc2 Rd3 48.Rc8 Re3 49.Rb8+ Ka6 50.Re8 Rxe4 51.Re6+ Kb7 52.Kb3 Rg4 53.Rxe5 Kb6
54.Re6+ Kb7 55.Re2 Kb6 56.Kc2 Rg3 57.Kd2 Kc5 58.Ke1 b3 59.Kf2 Rg4 60.Re3 Kb4 61.Kf3
Rg8 62.Re4+ Kc5 63.g4 Rf8+ 64.Rf4 Rg8 65.Ke4 Kc4 66.Ke3+ Kc5 67.Kf3 Rg7 68.Ke4 Re7+
69.Kd3 Rh7 70.Rc4+ Kd5 71.Rd4+ Kc5 72.Kc3 Rh2 73.Rc4+ Kb6 74.Kxb3 Rg2 75.Rf4 Kc6 76.Kc3
Kb6 77.b3 Rg1 78.Kd4 Rg3 79.Ke5 1-0

[Event "1. Bundesliga 2019/2020"]
[Site "Blumenhalle, St. Veit/Glan"]
[Date "2020.01.11"]
[Round "7"]
[Board "3"]
[White "Weiss, Christian"]
[Black "Nayhebaver, Martin"]
[Result "0-1"]
[WhiteElo "2369"]
[BlackElo "2475"]
[PlyCount "54"]
[EventDate "2019.10.10"]
[EventType "team"]
[EventRounds "11"]
[EventCountry "AUT"]
[WhiteTeam "Union Ansfelden"]
[BlackTeam "SK Bregenz 1920"]

1.Nf3 Nf6 2.c4 e6 3.e3 d5 4.Nc3 b6 5.Be2 Bb7 6.O-O Bd6 7.cxd5 exd5 8.Nb5 Be7 9.Nbd4
g6 10.b4 O-O 11.Rb1 a6 12.a3 Bc8 13.Bb2 c5 14.Nc2 Bd7 15.d3 Ba4 16.Qd2 Nc6 17.Rfc1
Rc8 18.Ne5 Bd6 19.Nxc6 Bxc6 20.Ne1 Qe7 21.Nf3 Rfe8 22.bxc5 bxc5 23.Bxf6 Qxf6 24.d4
c4 25.Rb6 Bb5 26.Rb1 c3 27.Qc2 Bxh2+ 0-1

[Event "1. Bundesliga 2019/2020"]
[Site "Blumenhalle, St. Veit/Glan"]
[Date "2020.01.11"]
[Round "7"]
[Board "4"]
[White "Sergeev, Vladimir"]
[Black "Knoll, Hermann"]
[Result "1-0"]
[WhiteElo "2419"]
[BlackElo "2323"]
[PlyCount "43"]
[EventDate "2019.10.10"]
[EventType "team"]
[EventRounds "11"]
[EventCountry "AUT"]
[WhiteTeam "SK Bregenz 1920"]
[BlackTeam "Union Ansfelden"]

1.c4 Nf6 2.Nc3 d6 3.g3 c6 4.Bg2 e5 5.d4 Be7 6.e4 O-O 7.Nge2 a6 8.d5 b5 9.cxb5 axb5
10.dxc6 Nxc6 11.Nxb5 Ba6 12.Nbc3 Nb4 13.O-O Qb8 14.h3 Rc8 15.Be3 Nd3 16.Rb1 Bd8 17.a3
Bb6 18.Bxb6 Qxb6 19.Qd2 Rcb8 20.b3 Qa5 21.b4 Qxa3 22.b5 1-0

[Event "1. Bundesliga 2019/2020"]
[Site "Blumenhalle, St. Veit/Glan"]
[Date "2020.01.11"]
[Round "7"]
[Board "5"]
[White "Moser, Guenter"]
[Black "Hess, Max"]
[Result "0-1"]
[WhiteElo "2267"]
[BlackElo "2378"]
[PlyCount "94"]
[EventDate "2019.10.10"]
[EventType "team"]
[EventRounds "11"]
[EventCountry "AUT"]
[WhiteTeam "Union Ansfelden"]
[BlackTeam "SK Bregenz 1920"]

1.Nf3 Nf6 2.c4 g6 3.g3 Bg7 4.Bg2 O-O 5.O-O d6 6.Nc3 Nc6 7.Rb1 a5 8.a3 e5 9.b4 axb4
10.axb4 Bf5 11.d3 Qd7 12.b5 Nd8 13.Bg5 h6 14.Bxf6 Bxf6 15.Nd5 Bg7 16.Nd2 Be6 17.Qc2
f5 18.f4 Bf7 19.e3 Ne6 20.Kh1 Ra3 21.Rb3 Rfa8 22.Rxa3 Rxa3 23.Nb1 Ra1 24.fxe5 dxe5
25.Qb2 Ra8 26.Nbc3 Nc5 27.Rd1 Kh8 28.e4 f4 29.Qf2 Ne6 30.Bh3 g5 31.gxf4 exf4 32.d4
Qd8 33.b6 cxb6 34.e5 Rc8 35.Qa2 h5 36.Ne4 Ra8 37.Qb2 g4 38.Nd6 Bg6 39.Bf1 Qh4 40.Nxb6
Rf8 41.Qg2 f3 42.Qg3 Qg5 43.h4 Qf4 44.Qxf4 Rxf4 45.d5 Nd4 46.Nd7 g3 47.Nf6 Ne2 0-1

[Event "1. Bundesliga 2019/2020"]
[Site "Blumenhalle, St. Veit/Glan"]
[Date "2020.01.11"]
[Round "7"]
[Board "6"]
[White "Ciolek, Andreas"]
[Black "Ennsberger, Ulrich"]
[Result "1/2-1/2"]
[WhiteElo "2230"]
[BlackElo "2251"]
[PlyCount "131"]
[EventDate "2019.10.10"]
[EventType "team"]
[EventRounds "11"]
[EventCountry "AUT"]
[WhiteTeam "SK Bregenz 1920"]
[BlackTeam "Union Ansfelden"]

1.e4 c6 2.d4 d5 3.exd5 cxd5 4.Bd3 Nc6 5.c3 Nf6 6.Bf4 Bg4 7.Qb3 Qd7 8.Nd2 Nh5 9.Be3
e5 10.dxe5 Nxe5 11.Bb5 Nc6 12.Ngf3 Be6 13.Qa4 Bd6 14.Nd4 Rc8 15.Nxe6 fxe6 16.Qh4 Qf7
17.O-O O-O 18.f4 Bxf4 19.Bxf4 Nxf4 20.Bd3 g5 21.Qxg5+ Qg7 22.Qxg7+ Kxg7 23.Bb5 e5
24.g3 Ng6 25.Nf3 Rf5 26.Rad1 Rd8 27.Kg2 a6 28.Be2 e4 29.Nd2 Rxf1 30.Nxf1 d4 31.cxd4
Rxd4 32.Rxd4 Nxd4 33.Bg4 Ne7 34.Ne3 Kf6 35.Kf2 b5 36.h4 Ke5 37.Bd7 Nd5 38.Nxd5 Kxd5
39.g4 Ke5 40.Ke3 Nc2+ 41.Kd2 Nb4 42.a3 Nd3 43.b4 Kf4 44.Bc8 Kf3 45.Bb7 Ne5 46.g5 Kf4
47.Bxa6 Nc4+ 48.Ke2 Nd6 49.Kf2 e3+ 50.Ke2 Ne4 51.Bb7 Nc3+ 52.Ke1 Kg4 53.Bc8+ Kxh4
54.Bf5 Kxg5 55.Bxh7 Kf4 56.Bg6 Ke5 57.Be8 Kd4 58.Bd7 Kd5 59.Be8 Kc4 60.Bf7+ Kd3 61.Bg6+
Kd4 62.Be8 Kd5 63.Bd7 Kd4 64.Be8 Kc4 65.Bf7+ Kd3 66.Bg6+ 1/2-1/2

[Event "1. Bundesliga 2019/2020"]
[Site "Blumenhalle, St. Veit/Glan"]
[Date "2020.01.12"]
[Round "8"]
[Board "1"]
[White "Georgiadis, Nico"]
[Black "Repka, Christopher"]
[Result "0-1"]
[WhiteElo "2551"]
[BlackElo "2488"]
[PlyCount "128"]
[EventDate "2019.10.10"]
[EventType "team"]
[EventRounds "11"]
[EventCountry "AUT"]
[WhiteTeam "SK Sparkasse Goetzis"]
[BlackTeam "SK Bregenz 1920"]

1.d4 Nf6 2.c4 e6 3.Nf3 d5 4.g3 dxc4 5.Bg2 a6 6.O-O Nc6 7.e3 Bd7 8.Qe2 Bd6 9.Qxc4 O-O
10.Rd1 Qe7 11.Nc3 h6 12.Qe2 Rfe8 13.Bd2 e5 14.dxe5 Nxe5 15.Nxe5 Bxe5 16.Rac1 Bg4 17.f3
Be6 18.b3 Rad8 19.Be1 c5 20.Rxd8 Rxd8 21.Na4 c4 22.f4 Bc7 23.bxc4 Qa3 24.Nb2 Bg4 25.Qc2
Qxe3+ 26.Bf2 Qe7 27.c5 Be6 28.Re1 Ba5 29.Rd1 Ng4 30.Rxd8+ Qxd8 31.Qd3 Nxf2 32.Kxf2
Qf6 33.Nc4 Bb4 34.Bxb7 Bxc5+ 35.Kg2 Qa1 36.f5 Qxa2+ 37.Nd2 Bxf5 38.Qxf5 Qxd2+ 39.Kh3
g6 40.Qc8+ Kg7 41.Qe8 Bg1 42.Qe5+ Kh7 43.g4 a5 44.Qg3 Be3 45.Qc7 Qf2 46.Bd5 Qf1+ 47.Bg2
Qf4 48.Qxf4 Bxf4 49.Bc6 Kg7 50.Kg2 f5 51.h3 Kf6 52.Kf3 Bd6 53.Be8 Bc5 54.Kg3 g5 55.gxf5
Kxf5 56.Kf3 Ke5 57.Kg4 Be3 58.Kh5 Kd6 59.Kg4 Kc5 60.Kf3 Bf4 61.Ke4 Kb4 62.Kd3 a4 63.Bf7
a3 64.Kc2 Be5 0-1

[Event "1. Bundesliga 2019/2020"]
[Site "Blumenhalle, St. Veit/Glan"]
[Date "2020.01.12"]
[Round "8"]
[Board "2"]
[White "Kunin, Vitaly"]
[Black "Krassowizkij, Jaroslaw"]
[Result "1/2-1/2"]
[WhiteElo "2560"]
[BlackElo "2448"]
[PlyCount "93"]
[EventDate "2019.10.10"]
[EventType "team"]
[EventRounds "11"]
[EventCountry "AUT"]
[WhiteTeam "SK Bregenz 1920"]
[BlackTeam "SK Sparkasse Goetzis"]

1.g3 g6 2.Bg2 Bg7 3.d3 c5 4.e4 Nc6 5.f4 d6 6.Nf3 e6 7.O-O Nge7 8.c3 O-O 9.Be3 b6 10.Bf2
a5 11.a4 Ba6 12.Re1 b5 13.axb5 Bxb5 14.Na3 Ba6 15.Ra2 Qc7 16.Nc4 Rfd8 17.Qc2 Nc8 18.h4
Nb6 19.Ncd2 e5 20.Raa1 c4 21.d4 exf4 22.gxf4 d5 23.Ne5 Bb7 24.Nxc6 Bxc6 25.e5 Bd7
26.Nf1 Bf5 27.Qd2 Bh6 28.Ng3 Bd3 29.Bf1 Qe7 30.Bxd3 cxd3 31.Qxd3 Bxf4 32.h5 Qg5 33.Kg2
Nc4 34.e6 fxe6 35.hxg6 hxg6 36.Rxe6 Rd6 37.Qe2 Rf8 38.Rh1 Rxe6 39.Qxe6+ Kg7 40.Qd7+
Rf7 41.Qh3 Rf8 42.Qd7+ Rf7 43.Rh7+ Kxh7 44.Qxf7+ Kh6 45.Qg8 Qg4 46.Qf8+ Kg5 47.Qd8+ 1/2-1/2

[Event "1. Bundesliga 2019/2020"]
[Site "Blumenhalle, St. Veit/Glan"]
[Date "2020.01.12"]
[Round "8"]
[Board "3"]
[White "Kvetny, Mark"]
[Black "Nayhebaver, Martin"]
[Result "1-0"]
[WhiteElo "2426"]
[BlackElo "2475"]
[PlyCount "123"]
[EventDate "2019.10.10"]
[EventType "team"]
[EventRounds "11"]
[EventCountry "AUT"]
[WhiteTeam "SK Sparkasse Goetzis"]
[BlackTeam "SK Bregenz 1920"]

1.d4 Nf6 2.Nf3 e6 3.Bf4 c5 4.e3 d5 5.Nbd2 Nc6 6.c3 Nh5 7.Bg5 f6 8.Bh4 g6 9.g4 Ng7
10.Bg3 Bd6 11.Bb5 O-O 12.Qa4 cxd4 13.cxd4 Ne7 14.g5 fxg5 15.Nxg5 Nef5 16.Ngf3 a6 17.Be5
Rb8 18.Bd3 Bd7 19.Qd1 Bxe5 20.dxe5 Nh4 21.Qe2 Ngf5 22.O-O-O Bb5 23.Kb1 Qb6 24.Rhg1
Bxd3+ 25.Qxd3 Qb5 26.Qxb5 axb5 27.Ng5 Ng7 28.Rg4 Nhf5 29.Rb4 h6 30.Ngf3 Ne7 31.h4
Rf5 32.Rxb5 Nc6 33.Rc1 Nxe5 34.Nxe5 Rxe5 35.a4 Rf5 36.Nb3 Rf7 37.Nc5 Ra8 38.a5 Ra7
39.b4 Re7 40.Rb6 Kf7 41.e4 Ne8 42.exd5 exd5 43.Rc3 Kg7 44.Ne6+ Kh7 45.Rf3 Ra6 46.Rxa6
bxa6 47.Nc5 Nc7 48.Rf6 d4 49.Nxa6 Kg7 50.Nxc7 Rxc7 51.Rb6 d3 52.a6 Rc4 53.a7 d2 54.Rb7+
Kf6 55.Rd7 Rxb4+ 56.Kc2 Ra4 57.Kxd2 g5 58.hxg5+ Kxg5 59.Kc3 h5 60.Kb3 Ra1 61.Kb4 Kg4
62.Rd4+ 1-0

[Event "1. Bundesliga 2019/2020"]
[Site "Blumenhalle, St. Veit/Glan"]
[Date "2020.01.12"]
[Round "8"]
[Board "4"]
[White "Sergeev, Vladimir"]
[Black "Walter, Stefan"]
[Result "1-0"]
[WhiteElo "2419"]
[BlackElo "2390"]
[PlyCount "71"]
[EventDate "2019.10.10"]
[EventType "team"]
[EventRounds "11"]
[EventCountry "AUT"]
[WhiteTeam "SK Bregenz 1920"]
[BlackTeam "SK Sparkasse Goetzis"]

1.g3 d5 2.Nf3 e6 3.Bg2 Nf6 4.O-O Be7 5.d3 O-O 6.Nbd2 c5 7.e4 Nc6 8.Re1 b5 9.a3 Bb7
10.exd5 exd5 11.Nf1 Re8 12.d4 Ne4 13.Be3 Bf6 14.c3 c4 15.N3d2 Nxd2 16.Nxd2 Ne7 17.Qf3
Nc8 18.Re2 Nb6 19.Rae1 a5 20.Bf4 Qd7 21.Bh3 Qc6 22.Be5 Bg5 23.Nf1 Na4 24.Bf5 Bh6 25.Qg4
Bc8 26.Ne3 Nb6 27.Bxc8 Nxc8 28.Nxd5 f5 29.Qh5 Rf8 30.Nf6+ Kh8 31.d5 Qa6 32.Nd7 Rg8
33.d6 Qc6 34.Qxf5 Nxd6 35.Bxd6 Qxd6 36.Ne5 1-0

[Event "1. Bundesliga 2019/2020"]
[Site "Blumenhalle, St. Veit/Glan"]
[Date "2020.01.12"]
[Round "8"]
[Board "5"]
[White "Anistratov, Dmitrij"]
[Black "Dobosz, Henryk"]
[Result "0-1"]
[WhiteElo "2237"]
[BlackElo "2379"]
[PlyCount "114"]
[EventDate "2019.10.10"]
[EventType "team"]
[EventRounds "11"]
[EventCountry "AUT"]
[WhiteTeam "SK Sparkasse Goetzis"]
[BlackTeam "SK Bregenz 1920"]

1.c4 c5 2.g3 Nc6 3.Bg2 g6 4.Nc3 Bg7 5.d3 d6 6.Nf3 Nh6 7.O-O Nf5 8.Rb1 Rb8 9.Bd2 O-O
10.a3 b6 11.b4 e6 12.Bg5 Qc7 13.Ne4 h6 14.Bf4 e5 15.Bd2 Nfe7 16.Nc3 f5 17.e3 Be6 18.Qe2
Qd7 19.Rfc1 g5 20.b5 Nd8 21.Ne1 Bf7 22.Nd5 Ne6 23.Bc3 g4 24.f4 gxf3 25.Nxe7+ Qxe7
26.Nxf3 Bh5 27.Qe1 e4 28.Bxg7 Kxg7 29.Nh4 Ng5 30.Qc3+ Kh7 31.Rb2 Rbe8 32.d4 Nf3+ 33.Bxf3
exf3 34.Kf2 Qe4 35.dxc5 bxc5 36.Rd2 Re6 37.Qd3 Bg4 38.Rcd1 Rfe8 39.h3 Bxh3 40.Nxf3
Bg4 41.Qxe4 fxe4 42.Nh4 Rf6+ 43.Kg2 Bxd1 44.Rxd1 Re5 45.a4 d5 46.cxd5 Rd6 47.Rf1 Kg8
48.Nf5 Rdxd5 49.Nxh6+ Kg7 50.Ng4 Rd2+ 51.Rf2 Rxf2+ 52.Nxf2 c4 53.Nd1 Rd5 54.Nc3 Rd3
55.Nxe4 c3 56.Nc5 Rd1 57.a5 c2 0-1

[Event "1. Bundesliga 2019/2020"]
[Site "Blumenhalle, St. Veit/Glan"]
[Date "2020.01.12"]
[Round "8"]
[Board "6"]
[White "Hess, Max"]
[Black "Neyman, Igor"]
[Result "1/2-1/2"]
[WhiteElo "2378"]
[BlackElo "2345"]
[PlyCount "63"]
[EventDate "2019.10.10"]
[EventType "team"]
[EventRounds "11"]
[EventCountry "AUT"]
[WhiteTeam "SK Bregenz 1920"]
[BlackTeam "SK Sparkasse Goetzis"]

1.e4 c5 2.Nf3 e6 3.d4 cxd4 4.Nxd4 Nf6 5.Nc3 Nc6 6.Ndb5 d6 7.Bf4 e5 8.Bg5 a6 9.Na3
Be6 10.Nc4 Rb8 11.a4 Nb4 12.Ne3 Be7 13.Bxf6 Bxf6 14.Ncd5 Nxd5 15.exd5 Bd7 16.Be2 O-O
17.O-O Qc7 18.a5 e4 19.c3 Bg5 20.Qd4 f5 21.Rfe1 Bxe3 22.fxe3 Rbc8 23.Qb6 g5 24.Bf1
Kg7 25.c4 Qxb6 26.axb6 Kf6 27.b4 Ke5 28.Red1 f4 29.Kf2 h5 30.Rac1 Ba4 31.Rd2 Rcd8
32.Rd4 1/2-1/2

[Event "1. Bundesliga 2019/2020"]
[Site "Blumenhalle, St. Veit/Glan"]
[Date "2020.01.12"]
[Round "8"]
[Board "1"]
[White "Dragnev, Valentin"]
[Black "Menezes, Christoph"]
[Result "1/2-1/2"]
[WhiteElo "2551"]
[BlackElo "2398"]
[PlyCount "153"]
[EventDate "2019.10.10"]
[EventType "team"]
[EventRounds "11"]
[EventCountry "AUT"]
[WhiteTeam "mpimmo Wien - SK Ottakring"]
[BlackTeam "Union Ansfelden"]

1.d4 Nf6 2.c4 e6 3.Nf3 d5 4.g3 Be7 5.Bg2 O-O 6.O-O dxc4 7.Qc2 b5 8.a4 b4 9.Nfd2 Nd5
10.Nxc4 c5 11.dxc5 Ba6 12.Rd1 Nd7 13.b3 Bxc5 14.Bb2 Rc8 15.Nbd2 Qe7 16.Rac1 N7f6 17.Ne4
Bxc4 18.bxc4 Nxe4 19.Qxe4 Nb6 20.a5 Na4 21.Ba1 b3 22.Rb1 b2 23.Bxb2 Nxb2 24.Rxb2 Bxf2+
25.Kh1 Qa3 26.Rb5 Qa4 27.Rdb1 Qxc4 28.Qxc4 Rxc4 29.R5b4 Rxb4 30.Rxb4 Be1 31.Rb7 Bxa5
32.Rxa7 Bd8 33.Bc6 g6 34.Kg2 Kg7 35.Ra8 Kf6 36.g4 Kg5 37.Bf3 Kh4 38.h3 Kg5 39.Rb8
h6 40.Rc8 Kf6 41.Ra8 Rg8 42.Rb8 h5 43.Ra8 hxg4 44.hxg4 Rf8 45.Rc8 Ke7 46.Ra8 Kd7 47.Ra1
Bc7 48.Ra8 Bb8 49.Ra1 Rd8 50.Ra8 Kc8 51.Ra3 Rd4 52.Rd3 Rb4 53.Kh3 g5 54.Bc6 Rb2 55.Bf3
Bf4 56.Kg2 Kc7 57.Ra3 Kd8 58.Ra7 Bc7 59.Ra8+ Bb8 60.Ra5 Bf4 61.Ra7 Ke8 62.Ra8+ Ke7
63.Ra7+ Kf6 64.Ra6 Bd2 65.Ra7 Be3 66.Ra3 Bb6 67.Ra8 Bc5 68.Ra5 Rc2 69.Ra8 Rc1 70.Rg8
Be3 71.Ra8 Ke5 72.Re8 Rc7 73.Kg3 Bc5 74.Rg8 Bd6 75.Kg2 Be7 76.Rb8 f5 77.Rb7 1/2-1/2

[Event "1. Bundesliga 2019/2020"]
[Site "Blumenhalle, St. Veit/Glan"]
[Date "2020.01.12"]
[Round "8"]
[Board "2"]
[White "Felsberger, Alfred"]
[Black "Banusz, Tamas"]
[Result "0-1"]
[WhiteElo "2339"]
[BlackElo "2623"]
[PlyCount "66"]
[EventDate "2019.10.10"]
[EventType "team"]
[EventRounds "11"]
[EventCountry "AUT"]
[WhiteTeam "Union Ansfelden"]
[BlackTeam "mpimmo Wien - SK Ottakring"]

1.e4 e5 2.Nf3 Nc6 3.Bc4 Nf6 4.d3 h6 5.c3 d6 6.Nbd2 g6 7.O-O Bg7 8.a4 O-O 9.Re1 a5
10.Bb3 Nd7 11.Nc4 Nc5 12.Bc2 Ne6 13.g3 Kh8 14.Bd2 b6 15.Ne3 Bb7 16.Nd5 Ne7 17.Nxe7
Qxe7 18.Be3 d5 19.Bd2 Qd7 20.Qe2 Nc5 21.Be3 d4 22.cxd4 exd4 23.Bd2 Rfe8 24.Qd1 Bc6
25.Nh4 Kh7 26.Ng2 f5 27.f3 g5 28.Rf1 Kh8 29.h4 fxe4 30.fxe4 Nxe4 31.hxg5 Nxg3 32.gxh6
Be5 33.Bf4 Qh3 0-1

[Event "1. Bundesliga 2019/2020"]
[Site "Blumenhalle, St. Veit/Glan"]
[Date "2020.01.12"]
[Round "8"]
[Board "3"]
[White "Blohberger, Felix"]
[Black "Knoll, Hermann"]
[Result "1/2-1/2"]
[WhiteElo "2465"]
[BlackElo "2323"]
[PlyCount "63"]
[EventDate "2019.10.10"]
[EventType "team"]
[EventRounds "11"]
[EventCountry "AUT"]
[WhiteTeam "mpimmo Wien - SK Ottakring"]
[BlackTeam "Union Ansfelden"]

1.Nf3 g6 2.e4 Bg7 3.d4 c6 4.Nc3 d5 5.h3 Nf6 6.Bd3 dxe4 7.Nxe4 Nxe4 8.Bxe4 Nd7 9.O-O
O-O 10.c3 Qb6 11.Re1 c5 12.Qb3 cxd4 13.Nxd4 e5 14.Qxb6 Nxb6 15.Nb5 f5 16.Bc2 h6 17.Nd6
Kh7 18.Bb3 Nd7 19.Be3 f4 20.Bd2 Nc5 21.Nxc8 Nxb3 22.axb3 Rfxc8 23.c4 Re8 24.Rad1 Rad8
25.Bc3 g5 26.f3 Kg6 27.Kf2 Kf5 28.Ra1 a6 29.Ra5 h5 30.b4 Bf6 31.b5 g4 32.hxg4+ 1/2-1/2

[Event "1. Bundesliga 2019/2020"]
[Site "Blumenhalle, St. Veit/Glan"]
[Date "2020.01.12"]
[Round "8"]
[Board "4"]
[White "Moser, Guenter"]
[Black "Froewis, Georg"]
[Result "0-1"]
[WhiteElo "2267"]
[BlackElo "2459"]
[PlyCount "70"]
[EventDate "2019.10.10"]
[EventType "team"]
[EventRounds "11"]
[EventCountry "AUT"]
[WhiteTeam "Union Ansfelden"]
[BlackTeam "mpimmo Wien - SK Ottakring"]

1.Nf3 Nf6 2.g3 d5 3.Bg2 c6 4.b3 Bg4 5.Bb2 Nbd7 6.d4 e6 7.O-O Be7 8.Nbd2 O-O 9.Ne5
Nxe5 10.dxe5 Nd7 11.h3 Bh5 12.g4 Bg6 13.f4 f6 14.f5 Bf7 15.fxe6 Bxe6 16.exf6 Bc5+
17.Kh1 Nxf6 18.Qe1 Qe7 19.Qg3 Rae8 20.Rae1 Bb4 21.Bc3 Bd6 22.Be5 Bc5 23.c3 Bc8 24.Bf4
Nd7 25.e4 d4 26.cxd4 Bxd4 27.Bd6 Rxf1+ 28.Rxf1 Be5 29.Bxe7 Bxg3 30.Bg5 b6 31.Bf4 Bxf4
32.Rxf4 Ne5 33.Bf1 b5 34.Kh2 Rd8 35.Rf2 Rxd2 0-1

[Event "1. Bundesliga 2019/2020"]
[Site "Blumenhalle, St. Veit/Glan"]
[Date "2020.01.12"]
[Round "8"]
[Board "5"]
[White "Schneider-Zinner, Harald"]
[Black "Mostbauer, Florian"]
[Result "0-1"]
[WhiteElo "2381"]
[BlackElo "2302"]
[PlyCount "116"]
[EventDate "2019.10.10"]
[EventType "team"]
[EventRounds "11"]
[EventCountry "AUT"]
[WhiteTeam "mpimmo Wien - SK Ottakring"]
[BlackTeam "Union Ansfelden"]

1.c4 c6 2.e4 d5 3.exd5 cxd5 4.cxd5 Nf6 5.Nc3 Nxd5 6.Nf3 Nc6 7.Bc4 e6 8.O-O Be7 9.d4
O-O 10.Re1 Ncb4 11.Bb3 b6 12.a3 Nxc3 13.bxc3 Nd5 14.c4 Nf6 15.Qe2 Bb7 16.Bb2 Qc7 17.Rad1
Rae8 18.Ne5 Rd8 19.Rd3 Ne4 20.Re3 f5 21.f3 Nf6 22.Nd3 Bd6 23.g3 Bc8 24.Rxe6 Bxe6 25.Qxe6+
Kh8 26.Ne5 Bxe5 27.Rxe5 Rfe8 28.Qxf5 Rxe5 29.Qxe5 Qd7 30.d5 Re8 31.Qf4 Qe7 32.Bxf6
gxf6 33.Kg2 Kg7 34.d6 Qe2+ 35.Kh3 Qe6+ 36.g4 Qe3 37.Qf5 Qxb3 38.Qd7+ Kf8 39.Qf5 Kg7
40.Qd7+ Kf8 41.Qc6 Rd8 42.d7 Ke7 43.Qe4+ Kxd7 44.Qb7+ Ke8 45.Qc6+ Rd7 46.Qxf6 Qxa3
47.Qe6+ Qe7 48.Qg8+ Qf8 49.Qe6+ Kd8 50.Qc6 Qd6 51.Qa8+ Ke7 52.Qh8 Qh6+ 53.Kg3 Kf7
54.h4 Rd2 55.Kh3 Rd7 56.Qe5 Re7 57.Qd5+ Kg7 58.h5 Qf6 0-1